000 00740cam a22002533a 4500
001 2872
003 PGUSA
005 20140828083022.0
008 011001s2001||||xxu|||||s|||||000 | eng d
040 _aPGUSA
_beng
042 _adc
050 4 _aQH
100 1 _aDarwin, Charles,
_d1809-1882
245 1 4 _aThe Variation of Animals and Plants under Domestication — Volume 2
_h[electronic resource] /
_cCharles Darwin
260 _bProject Gutenberg,
_c2001
506 _aPublic domain in the USA.
516 _aElectronic text
653 _aVariation (Biology)
653 _aPlants, Cultivated
653 _aDomestic animals
830 0 _aProject Gutenberg
_v2872
856 4 0 _uhttp://www.gutenberg.org/ebooks/2872
942 _cEB
999 _c232204
_d232204